[Event "Plovdiv Tringov Memorial 45th"]
[Site "Plovdiv"]
[Date "2023.08.12"]
[Round "9"]
[White "Karademir, Bugra"]
[Black "Danov, Valentin"]
[Result "1-0"]
[WhiteElo "2117"]
[BlackElo "1896"]
[PlyCount "63"]
[EventDate "2023.08.06"]
[EventType "swiss"]
[EventRounds "9"]
[EventCountry "BUL"]
[SourceTitle "EXT 2024"]
[Source "ChessBase"]
[SourceDate "2023.10.10"]
[SourceVersion "1"]
[SourceVersionDate "2023.10.10"]
[SourceQuality "1"]

1. e4 c5 2. Nc3 e6 3. Nge2 Nc6 4. g3 Nge7 5. Bg2 g6 6. d4 cxd4 7. Nxd4 a6 8. Bg5 Bg7 9. Nxc6 dxc6 10. Qxd8+ Kxd8 11. 0-0-0+ Ke8 12. Na4 Rb8 13. Rd3 e5 14. Rhd1 f6 15. Be3 Kf7 16. Bb6 Be6 17. Nc5 Nc8 18. Bc7 Ra8 19. Nxb7 Ra7 20. Nd8+ Rxd8 21. Bxd8 Bf8 22. Rc3 Bxa2 23. Rxc6 Bh6+ 24. f4 exf4 25. Rxf6+ Kg7 26. gxf4 Ne7 27. Bxe7 Rxe7 28. Rdd6 Bc4 29. b3 Bb5 30. c4 Rc7 31. Kd2 Rd7 32. Ke3 1-0

[Event "EU-ch Hybrid U14"]
[Site "Tornelo INT"]
[Date "2021.10.15"]
[Round "7"]
[White "Danov, Valentin"]
[Black "Velikov, Nikola"]
[Result "1/2-1/2"]
[WhiteElo "1361"]
[BlackElo "1693"]
[PlyCount "94"]
[EventDate "2021.10.15"]
[EventType "swiss"]
[EventRounds "9"]
[EventCountry "NET"]
[SourceTitle "EXT 2023"]
[Source "ChessBase"]
[SourceDate "2022.10.05"]
[SourceVersion "1"]
[SourceVersionDate "2022.10.05"]
[SourceQuality "1"]
[WhiteTeam "Bulgaria"]
[BlackTeam "Bulgaria"]
[WhiteTeamCountry "BUL"]
[BlackTeamCountry "BUL"]

1. d4 Nf6 2. Bg5 Ne4 3. Bf4 d5 4. f3 Nd6 5. Nd2 Bf5 6. c4 Nxc4 7. Nxc4 dxc4 8. e4 e5 9. Bd2 Be6 10. d5 Bd7 11. Bxc4 Bd6 12. Qb3 Na6 13. a3 Nc5 14. Qc2 a5 15. Ne2 b5 16. Ba2 0-0 17. Be3 Na6 18. Ng3 b4 19. Bc4 bxa3 20. bxa3 Qe7 21. 0-0 Nc5 22. a4 g6 23. Bb5 Bxb5 24. axb5 Rfb8 25. Qc4 a4 26. Kh1 a3 27. Rfc1 Na4 28. Rcb1 Nb6 29. Qb3 Rb7 30. Ne2 Rba7 31. Ra2 Ra4 32. Qd3 R4a7 33. Nc3 Rb7 34. Rba1 Nd7 35. Nb1 Nc5 36. Bxc5 Bxc5 37. Nxa3 Rba7 38. Qc4 Rxa3 39. Rxa3 Rxa3 40. Rc1 Bb6 41. h3 Ra8 42. Qc6 Rd8 43. Qb7 Qa3 44. Qc6 Kg7 45. f4 exf4 46. e5 f3 47. Qf6+ Kh6 1/2-1/2

[Event "Vitosha op U10 3rd"]
[Site "Vitosha"]
[Date "2017.07.01"]
[Round "3"]
[White "Danov, Valentin"]
[Black "Popzafirov, Danail"]
[Result "1-0"]
[WhiteElo "1247"]
[BlackElo "1077"]
[PlyCount "111"]
[EventDate "2017.07.01"]
[EventType "swiss"]
[EventRounds "6"]
[EventCountry "BUL"]
[SourceTitle "CBM 179 Extra"]
[Source "ChessBase"]
[SourceDate "2017.08.23"]
[SourceVersion "1"]
[SourceVersionDate "2017.08.23"]
[SourceQuality "1"]

1. e4 e5 2. Nf3 Nc6 3. Nc3 Bc5 4. Nxe5 Qf6 5. Nf3 Ne5 6. d4 Nxf3+ 7. Qxf3 Qxf3 8. gxf3 Bxd4 9. Nb5 Bb6 10. Bf4 d6 11. e5 c6 12. Nxd6+ Ke7 13. Nxc8+ Rxc8 14. 0-0-0 h6 15. Be3 Bxe3+ 16. fxe3 f6 17. exf6+ Nxf6 18. Bh3 Rcd8 19. Rxd8 Rxd8 20. Rg1 Nd5 21. Rxg7+ Kf8 22. Rg1 Nxe3 23. Re1 Nc4 24. b3 Na3 25. c4 b5 26. Kb2 b4 27. Kc1 Rd3 28. Bg2 Rc3+ 29. Kd1 Rc2 30. Re2 Rc3 31. f4 Rd3+ 32. Rd2 Re3 33. Bxc6 Nb1 34. Rd8+ Ke7 35. Re8+ Kd6 36. Rxe3 Kxc6 37. f5 Nc3+ 38. Kc2 Nxa2 39. Kb2 Nc3 40. Re6+ Kd7 41. Rxh6 Nd1+ 42. Kc1 Nc3 43. f6 Ne2+ 44. Kd2 Nd4 45. f7 Nf3+ 46. Ke3 Ne5 47. f8Q Ng4+ 48. Kf4 Nxh6 49. Qxh6 Kc7 50. Ke5 Kc8 51. Kd6 Kb7 52. Kd7 Kb8 53. Kc6 a5 54. Qf8+ Ka7 55. Qe7+ Kb8 56. Qb7# 1-0

[Event "Vitosha op U10 3rd"]
[Site "Vitosha"]
[Date "2017.07.01"]
[Round "2"]
[White "Petrov, Anton Sergeevich"]
[Black "Danov, Valentin"]
[Result "1-0"]
[WhiteElo "1822"]
[BlackElo "1247"]
[PlyCount "47"]
[EventDate "2017.07.01"]
[EventType "swiss"]
[EventRounds "6"]
[EventCountry "BUL"]
[SourceTitle "CBM 179 Extra"]
[Source "ChessBase"]
[SourceDate "2017.08.23"]
[SourceVersion "1"]
[SourceVersionDate "2017.08.23"]
[SourceQuality "1"]

1. e4 e5 2. Nf3 Nc6 3. Bc4 Nf6 4. d3 Be7 5. c3 a6 6. b4 0-0 7. 0-0 d6 8. Nbd2 b5 9. Bb3 Bb7 10. a4 Re8 11. Re1 Bf8 12. Ng5 Re7 13. Ndf3 h6 14. Nh3 Bc8 15. Nh4 g5 16. axb5 Nb8 17. Qf3 Re8 18. Nf5 Bxf5 19. Qxf5 g4 20. Qg6+ Bg7 21. Bxh6 Nh5 22. Bxf7+ Kh8 23. Ng5 Nf6 24. Qxg7# 1-0